Statistics for Rappers by song

Click here to take the quiz!

General Stats

  • This quiz has been taken 27 times
  • The average score is 7 of 15

Answer Stats

SongAnswer% Correct
Lose yourselfEminem
92%
Gin and juiceSnoop Dogg
88%
Nas is likeNas
83%
It was a good dayIce Cube
75%
Who shot ya?The Notorious B.I.G
75%
Keep ya head upTupac
58%
Ruff ryders anthemDMX
46%
C.R.E.A.MWu-tang Clan
46%
Dead presidentsJay-Z
42%
Shook ones pt2Mobb Deep
42%
Flow joeFat Joe
33%
Me, myself&iDe La Soul
13%
The bridge is overKRS-One
8%
One dayUGK
8%
PaparazziXzibit
4%

Score Distribution

Percentile by Number Answered

Percent of People with Each Score

Your Score History

You have not taken this quiz